Libro rojo de los vertebrados terrestres en Chile: corresponde a las Actas del Simposio Estado de Conservación de la Fauna de Vertebrados Terrestres de Chile
Сохранить в:
| Главный автор: | |
|---|---|
| Корпоративные авторы: | , |
| Формат: | |
| Язык: | испанский |
| Опубликовано: |
Santiago
CONAF
1993
|
| Редактирование: | 2a. ed |
| Предметы: | |
| Метки: |
Добавить метку
Нет меток, Требуется 1-ая метка записи!
|
MARC
| LEADER | 00000nam a2200000 a 4500 | ||
|---|---|---|---|
| 001 | UCY0679 | ||
| 003 | CL-VaPUC | ||
| 005 | 20250225121102.0 | ||
| 008 | 940810e19930000cl 1 spa d | ||
| 082 | 0 | 4 | |a 639.909 |b GLA |2 21 |
| 100 | 1 | |a Glade, Alfonso A |e author |9 617012 | |
| 110 | 2 | |a Corporación Nacional Forestal |e author |9 617013 | |
| 710 | 2 | |a CONAF |e author |9 617014 | |
| 245 | 1 | 0 | |a Libro rojo de los vertebrados terrestres en Chile: corresponde a las Actas del Simposio Estado de Conservación de la Fauna de Vertebrados Terrestres de Chile |
| 250 | |a 2a. ed | ||
| 260 | |a Santiago |b CONAF |c 1993 | ||
| 300 | |a 65 p | ||
| 583 | |a last modification |c 19940810 00:00:00 |k Rodrigo Vera | ||
| 650 | 0 | 0 | |a Conservación de la vida silvestre |9 520377 |
| 650 | 0 | 0 | |a Vertebrados |9 320144 |
| 650 | 0 | 0 | |a Congresos |9 257560 |
| 651 | 7 | |a CHILE |2 CL-VaPUC |9 617015 | |
| 942 | |c BK | ||
| 945 | |a mfernand |d 19940810 00:00:00 | ||
| 546 | |a En Español | ||
| 518 | |p Simposio Estado de Conservación de la Fauna de Vertebrados Terrestres de Chile, Santiago, 1987 | ||
| 999 | |c 382243 |d 382241 | ||
| 952 | |0 0 |1 0 |4 0 |6 639_909000000000000_GLA_1993 |7 0 |8 A |9 503819 |a BIBEDU |b BIBEDU |d 2020-01-23 |i 3004422 |o 639.909 GLA 1993 |p 3004422 |r 2020-01-23 |w 2020-01-23 |y BK |k EDU | ||
| 952 | |0 0 |1 0 |4 0 |6 639_909000000000000_GLA_1993 |7 0 |8 A |9 503820 |a BIBING |b BIBING |d 2020-01-23 |i 4030575 |o 639.909 GLA 1993 |p 4030575 |r 2025-01-20 |w 2020-01-23 |y BK |k GEO | ||